Henri Rousseau : 1844-1910 /
Uloženo v:
| Hlavní autor: | |
|---|---|
| Médium: | Kniha |
| Jazyk: | Czech |
| Vydáno: |
[Praha] : Köln :
Slovart ; Taschen,
c2004
|
| Edice: | Mistři světového umění
|
| Témata: | |
| Celkem bylo vypůjčeno: | 7x |
| On-line přístup: | Digitalizovaný dokument |
| Tagy: |
Žádné tagy |
| LEADER | 01980cam a2200493 a 4500 | ||
|---|---|---|---|
| 001 | 59652 | ||
| 003 | CZ PrNK | ||
| 005 | 20240814071916.0 | ||
| 007 | ta | ||
| 008 | 040601s2004 xr a e 000 0dcze | ||
| 015 | |a cnb001316236 | ||
| 020 | |a 8072095188 | ||
| 040 | |a BOA001 |b cze |d ABA001 | ||
| 041 | 1 | |a cze |h ger | |
| 072 | 7 | |a 75 |x Malířství |2 Konspekt |9 21 | |
| 080 | |a 75.071.1 |2 MRF | ||
| 080 | |a 75(44) |2 MRF | ||
| 080 | |a 75.036/.038 |2 MRF | ||
| 080 | |a (44) |2 MRF | ||
| 080 | |a (084.11) |2 MRF | ||
| 100 | 1 | |a Stabenow, Cornelia |7 mzk2004242343 |4 aut |9 43754 | |
| 245 | 1 | 0 | |a Henri Rousseau : |b 1844-1910 / |c Cornelia Stabenowová ; [z němčiny přeložila Xenie Klepikovová] |
| 246 | 1 | 4 | |a Rousseau |
| 260 | |a [Praha] : |b Slovart ; |a Köln : |b Taschen, |c c2004 | ||
| 300 | |a 96 s. : |b il. (převážně barev.) ; |c 23 cm | ||
| 490 | 1 | |a Mistři světového umění | |
| 500 | |a Chronologický přehled | ||
| 504 | |a Obsahuje bibliografii | ||
| 600 | 1 | 7 | |a Rousseau, Henri, |d 1844-1910 |7 jn19990007192 |2 czenas |
| 648 | 7 | |a 19.-20. století |7 ch757015 |2 czenas |9 53080 | |
| 650 | 0 | 7 | |a malíři |7 ph122596 |y 19.-20. století |z Francie |2 czenas |
| 650 | 0 | 7 | |a francouzské malířství |7 ph120370 |y 19.-20. století |2 czenas |
| 650 | 0 | 7 | |a moderní malířství |7 ph122940 |z Francie |2 czenas |
| 650 | 0 | 9 | |a painters |y 19th-20th centuries |z France |2 eczenas |
| 650 | 0 | 9 | |a French painting |y 19th-20th centuries |2 eczenas |
| 650 | 0 | 9 | |a modern painting |z France |2 eczenas |
| 655 | 7 | |a obrazové publikace |7 fd132947 |2 czenas |9 53754 | |
| 655 | 9 | |a pictorial works |2 eczenas | |
| 830 | 0 | |a Mistři světového umění | |
| 856 | 4 | 1 | |u http://krameriusndk.nkp.cz/search/handle/uuid:4fdae990-4b37-11e6-a5c5-005056827e51 |y Digitalizovaný dokument |
| 910 | |a UOG502 | ||
| 942 | |2 ddc |c KN | ||
| 999 | |d 59652 | ||
| 993 | |0 0 |1 421180059614 |4 0 |6 75_760000000000000 |7 0 |9 41145 |a 199.00 |b 0 |c 59614 |d 2004-06-15 |e 7 |f DOSP |g 75/76 |h 199.00 |i Zámecké knihkupectví |j 21 |l DOSP |m 2 |r 2024-04-18 |s 2024-02-29 |t 5 |w 2017-09-19 |y KN |z NAUCNA | ||